<?xml version="1.0" encoding="UTF-8"?>
<collection xmlns="http://www.loc.gov/MARC21/slim">
<record>
  <controlfield tag="001">3702</controlfield>
  <controlfield tag="005">20190114115216.0</controlfield>
  <datafield tag="037" ind1=" " ind2=" ">
    <subfield code="a">SEMIN-2019-0003</subfield>
  </datafield>
  <datafield tag="100" ind1=" " ind2=" ">
    <subfield code="a">Deproost, Marie-Hélène</subfield>
  </datafield>
  <datafield tag="245" ind1=" " ind2=" ">
    <subfield code="a">COME-IN Meeting</subfield>
  </datafield>
  <datafield tag="260" ind1=" " ind2=" ">
    <subfield code="c">2017</subfield>
  </datafield>
  <datafield tag="269" ind1=" " ind2=" ">
    <subfield code="c">2017-02-10</subfield>
  </datafield>
  <datafield tag="536" ind1=" " ind2=" ">
    <subfield code="a">BR/</subfield>
    <subfield code="c">143/</subfield>
    <subfield code="f">A2/COME-IN</subfield>
  </datafield>
  <datafield tag="594" ind1=" " ind2=" ">
    <subfield code="a">NO</subfield>
  </datafield>
  <datafield tag="773" ind1=" " ind2=" ">
    <subfield code="t">VU University of Amsterdam</subfield>
  </datafield>
  <datafield tag="856" ind1="0" ind2=" ">
    <subfield code="f">marie-helene.deproost@observatoire.be</subfield>
  </datafield>
  <datafield tag="856" ind1="4" ind2=" ">
    <subfield code="s">3012014</subfield>
    <subfield code="u">http://publi2-as.oma.be/record/3702/files/COME-IN-2017.pdf</subfield>
    <subfield code="y">COME-IN Annual Meeting</subfield>
  </datafield>
  <datafield tag="856" ind1="4" ind2=" ">
    <subfield code="s">10450</subfield>
    <subfield code="u">http://publi2-as.oma.be/record/3702/files/COME-IN-2017.jpg?subformat=icon-180</subfield>
    <subfield code="x">icon-180</subfield>
    <subfield code="y">COME-IN Annual Meeting</subfield>
  </datafield>
  <datafield tag="856" ind1="4" ind2=" ">
    <subfield code="s">12345</subfield>
    <subfield code="u">http://publi2-as.oma.be/record/3702/files/COME-IN-2017.gif?subformat=icon</subfield>
    <subfield code="x">icon</subfield>
    <subfield code="y">COME-IN Annual Meeting</subfield>
  </datafield>
  <datafield tag="980" ind1=" " ind2=" ">
    <subfield code="a">SEMIN</subfield>
  </datafield>
</record>
</collection>